000 00404nam a22001697a 4500
005 20160622151239.0
008 160622b xxu||||| |||| 00| 0 eng d
020 _a978-0-07-0581135-7
041 _aeng
082 _b9236
100 _aKulkarni,Sarika and Sharma, Ashok
_92516
245 _aSupply Chain Management
260 _bTMH
_c2007
300 _a357
650 _aManagement
_9241
942 _cBK
999 _c3576
_d3575